000 00298nam a2200109Ia 4500
008 220204s9999 xx 000 0 und d
082 _a631.8.022.3
_bRAN
100 _aRanney, M William
245 0 _aFertilizer additives and soil conditioners
260 _aNew Jersey
_bNoyes Data
_c1978
942 _cBK
999 _c30873
_d30873